| 000 | 00927nmc a2200301 a 4500 | ||
|---|---|---|---|
| 003 | AR-BaBNM | ||
| 005 | 20251128204917.0 | ||
| 008 | 246019s1982 ||||||||||||||000 | spa|| | ||
| 020 | _a84-277-0555-7 | ||
| 040 | _cAR-BaBNM | ||
| 100 | 1 | _aLópez Quintas, Alfonso | |
| 245 | 1 | 0 | _aAnálisis estético de obras literarias |
| 260 |
_aMadrid _bNarcea _c1982 |
||
| 300 | 0 | _a382 p. | |
| 490 | 0 |
_aBitácora. Biblioteca del estudiante _vv. 83 |
|
| 500 | 0 | _aContiene el análisis de El burlador de Sevilla y convidado de piedra - La malquerida - Yerma - El Principito - Esperando a Godot - La salvaje - Eurídice | |
| 650 | 4 | _aANALISIS LITERARIO | |
| 650 | 4 | _aCOMPOSICION LITERARIA | |
| 650 | 4 | _aJUEGO | |
| 650 | 4 | _aCREATIVIDAD | |
| 650 | 4 | _aAUTORES | |
| 650 | 4 | _aEDUCACION ARTISTICA | |
| 653 | 0 | _aENSENANZA DE LA LITERATURA | |
| 655 | _aLITERATURA | ||
| 800 | 1 | _aGómez Molleda, D. | |
| 942 | _cBK | ||
| 998 | _cisola | ||
| 999 |
_c9297 _d9297 |
||